000 00659nam a2200205 4500
999 _c5081
_d5081
001 6012
005 20210216143359.0
008 210216b ||||| |||| 00| 0 eng d
100 0 0 _aPowdyel, Thakur S.
245 0 0 _aTroung Xanh
_cThakur S. Powdyel ; translated by Hong Kel.
260 0 0 _aViet Nam :
_bDai Hoc Hoa Sen,
_c2016.
300 0 0 _a121 p.: ill.
500 0 0 _aTranslation of: My green school : An outline : Supporting the Educating for Gross National Happiness Initiative
546 _aIn Vietnamese.
650 0 0 _aBhutan --Environment.
650 0 0 _aEducation.
650 0 0 _aHealth education
942 _2ddc
_cMAIN